000 01060cam a2200301 a 4500
001 1196889
003 SISC
005 20160406130814.0
008 980527s1998 tnu b 000 0 eng
010 _a 98008365
020 _a9780785270348
040 _aDLC
_cDLC
_dDLC
050 0 0 _aHD 57.7
_b.M3937 1998
082 0 0 _aHS 658.4
_bM45 1998
100 1 _aMaxwell, John C.,
_d1947-
_913738
245 1 4 _aThe 21 irrefutable laws of leadership :
_bfollow them and people will follow you /
_cJohn C. Maxwell.
246 3 _aTwenty one irrefutable laws of leadership
260 _aNashville, Tenn. :
_bThomas Nelson Publishers,
_cc1998.
300 _axxi, 231 p. ;
_c22 cm.
562 _e1
650 0 _aLeadership.
_9483
650 0 _aIndustrial management.
_9441
856 4 2 _3Publisher description
_uhttp://www.loc.gov/catdir/enhancements/fy0609/98008365-d.html
906 _a7
_bcbc
_corignew
_d1
_eocip
_f19
_gy-gencatlg
942 _2lcc
_cBK
999 _c9470
_d9470